3302-水島臨海鉄道の駅 - Statistics

General Stats
  • This quiz has been taken 74 times
  • The average score is 7 of 10
Answer Stats
本線 % Correct
水島
98%
倉敷市
88%
三菱自工前
82%
球場前
78%
福井
69%
65%
弥生
57%
常盤
57%
西富井
51%
浦田
45%
No matching quizzes found
Score Distribution
Percent of People with Each Score
Percentile by Number Answered
Your Score History
You have not taken this quiz